000 00625nam a2200241Ia 4500
003 OSt
005 20220918175723.0
006 a|||||r|||| 00| 0
007 ta
008 220917b |||||||| |||| 00| 0 eng d
024 _a18,654
037 _cTextual
040 _aARTS
_cARTS
_beng
041 _2eng
_aeng
082 _aO:1N341:9, L5
100 _aKohli Devindra
_954742
245 0 _aKamala Das
260 _c1975
490 _aIndian writers series , ed by C D Narasimhaiah; 10
650 _aENGLISH LITERATURE
942 _hO:1N341:9, L5
_cTEXL
_2CC
999 _c158755
_d158755